Statistics for Longest Country Name By Letter

Click here to take the quiz!

General Stats

  • This quiz has been taken 36 times
    (33 since last reset)
  • The average score is 18 of 24

Answer Stats

LetterAnswer% Correct
QQatar
96%
AAntigua and Barbuda
89%
DDemocratic Republic of the Congo
89%
OOman
89%
YYemen
89%
ZZimbabwe
89%
KKazakhstan | Kyrgyzstan
86%
UUnited Arab Emirates
86%
IIndonesia
82%
SSaint Vincent and the Grenadines
82%
JJamaica
79%
VVatican City
79%
LLiechtenstein
75%
PPapua New Guinea
75%
TTrinidad and Tobago
75%
FFederated States of Micronesia
71%
CCentral African Republic
68%
EEquatorial Guinea
64%
BBosnia and Herzegovina
61%
RRomania
61%
HHonduras
57%
MMarshall Islands
57%
NNorth Macedonia
54%
GGuinea-Bissau
46%

Score Distribution

Percentile by Number Answered

Percent of People with Each Score

Your Score History

You have not taken this quiz since the last reset